Największe PKB 1980 - Statystyki

Ogólne statystyki
  • Ten quiz został rozwiązany 244 razy
    184 od ostatniego zresetowania
  • Średni wynik to 16 z 20
Statystyki odpowiedzi
lp. PKB Państwo % Poprawnych
1 2 857 325 Stany Zjednoczone
100%
8 305 348 Chiny
95%
4 702 243 Francja
95%
5 604 678 Wielka Brytania
94%
2 1 105 386 Japonia
93%
17 145 767 Brazylia
91%
10 230 189 Hiszpania
91%
6 482 721 Włochy
91%
9 276 035 Kanada
90%
14 193 742 Indie
88%
16 162 619 Australia
83%
7 409 345 Związek Socjalistycznych Republik Radzieckich
83%
11 228 606 Meksyk
82%
18 136 602 Szwecja
75%
3 724 705 Republika Federalna Niemiec
72%
20 118 954 Szwajcaria
69%
12 226 569 Argentyna
65%
13 193 742 Holandia
64%
19 124 139 Belgia
62%
15 164 540 Arabia Saudyjska
52%
Nie znaleziono quizów pasujących do podanych kryteriów
Rozkład punktacji
Procent ludzi z każdym wynikiem
Percentyl według liczby udzielonych odpowiedzi
Twoja historia wyników
Nie rozwiązałeś tego quizu od ostatniego zresetowania